Thesis and Assignment Writing (Record no. 5751)

MARC details
000 -LEADER
fixed length control field 00458nam a22001937a 4500
003 - CONTROL NUMBER IDENTIFIER
control field OSt
005 - DATE AND TIME OF LATEST TRANSACTION
control field 20210922093932.0
008 - FIXED-LENGTH DATA ELEMENTS--GENERAL INFORMATION
fixed length control field 210922b |||||||| |||| 00| 0 eng d
020 ## - INTERNATIONAL STANDARD BOOK NUMBER
International Standard Book Number 0852260237
040 ## - CATALOGING SOURCE
Transcribing agency HAWASSA UNIVERSITY
050 ## - LIBRARY OF CONGRESS CALL NUMBER
Classification number 378.2/AND
082 ## - DEWEY DECIMAL CLASSIFICATION NUMBER
Classification number 378.2/AND
100 ## - MAIN ENTRY--PERSONAL NAME
Personal name ANDERSON JANATHAN
9 (RLIN) 5919
245 ## - TITLE STATEMENT
Title Thesis and Assignment Writing
260 ## - PUBLICATION, DISTRIBUTION, ETC.
Name of publisher, distributor, etc. new Delhi
Date of publication, distribution, etc. 1970
300 ## - PHYSICAL DESCRIPTION
Extent xi/134
504 ## - BIBLIOGRAPHY, ETC. NOTE
Bibliography, etc. note index
942 ## - ADDED ENTRY ELEMENTS (KOHA)
Source of classification or shelving scheme Dewey Decimal Classification
Koha item type Books like text book referance book
Suppress in OPAC No
Holdings
Withdrawn status Lost status Source of classification or shelving scheme Damaged status Not for loan Home library Current library Date acquired Total Checkouts Full call number Barcode Date last seen Copy number Price effective from Koha item type
    Dewey Decimal Classification     College of Agriculture Library College of Agriculture Library 09/22/2021   378.2/AND ALIB0006303 09/22/2021 1 09/22/2021 Books like text book referance book